Diseño con luz. En centros comerciales, soluciones de iluminación para tiendas, centros comerciales y mercados

Bibliographic Details
Main Author: Tuner, Janet
Format: Section = Libro
Language:Undetermined
Spanish
Published: México McGraw-Hill 2000
Subjects:
LEADER 00654nam a2200205Ia 4500
008 240829s9999 xx 000 0 und d
020 |a 970-10-2470-2 
040 |a BIBLIOTECA-RUSB/ 729.28 T948 
041 |a spa 
082 |a 729.28 T948 
100 1 |a Tuner, Janet 
245 1 0 |a Diseño con luz. En centros comerciales, soluciones de iluminación para tiendas, centros comerciales y mercados 
260 |a México  |b McGraw-Hill  |c 2000 
300 |a 160 p. :il. 
650 7 |a DISEÑO ILUMINACION - CENTROS COMERCIALES 
650 7 |b  DISTRIBUCION DE LA LUZ - TIENDAS 
650 7 |c  FUNDAMENTOS DE ILUMINACION 
942 |c BK  |2 ddc 
991 |a TEXTO 
999 |c 5389